Sistema de numeración norteafricano (Record no. 189670)

MARC details
000 -LEADER
campo de control de longitud fija 01000nam a2200217 i 4500
001 - NÚMERO DE CONTROL
campo de control 189670
003 - IDENTIFICADOR DE NÚMERO DE CONTROL
campo de control ES-MaACL
005 - FECHA Y HORA DE LA ÚLTIMA TRANSACCIÓN
campo de control 20251012063104.0
008 - DATOS DE LONGITUD FIJA--INFORMACIÓN GENERAL
campo de control de longitud fija 190902s1949 sp |||| | spa d
100 1# - ENTRADA PRINCIPAL--NOMBRE DE PERSONA
Nombre de persona Álvarez Delgado, Juan,
Fechas asociadas al nombre 1900-1987
9 (RLIN) 20793
245 10 - MENCIÓN DEL TÍTULO
Título Sistema de numeración norteafricano
Resto del título : A. Numerales canarios .- B. Sistema numeral norteafricano: caracteres : estudio de lingüística comparada sobre el sistema de numeración... de los aborígenes de Canarias /
Mención de responsabilidad, etc. Juan Álvarez Delgado.
260 ## - PUBLICACIÓN, DISTRIBUCIÓN, ETC.
Lugar de publicación, distribución, etc. Madrid :
Nombre del editor, distribuidor, etc. Instituto Antonio de Nebrija,
Fecha de publicación, distribución, etc. 1949.
300 ## - DESCRIPCIÓN FÍSICA
Extensión 184 p. ;
Dimensiones 24 cm.
490 1# - MENCIÓN DE SERIE
Mención de serie Colección de Manuales "Emérita" ;
Designación de volumen o secuencia 8
594 ## - Nota al título y mención de responsabilidad
Nota al título y mención de responsabilidad Precede al tít.: Consejo Superior de Investigaciones Científicas. Patronato Menéndez Pelayo.
650 #4 - PUNTO DE ACCESO ADICIONAL DE MATERIA--TÉRMINO DE MATERIA
Término de materia o nombre geográfico como elemento de entrada Lengua guanche.
9 (RLIN) 153659
710 2# - ENTRADA AGREGADA--NOMBRE DE ENTIDAD CORPORATIVA
Nombre de entidad corporativa o nombre de jurisdicción como elemento de entrada Patronato "Marcelino Menéndez Pelayo"
9 (RLIN) 6189
830 0# - PUNTO DE ACCESO ADICIONAL DE SERIE-TÍTULO UNIFORME
Título uniforme Colección de Manuales "Emérita" ;
Designación de volumen o secuencia 8
9 (RLIN) 193364
852 ## - LOCALIZACIÓN
Ubicación ES-MaACL
Número de control de estantería P-746-8
Holdings
Estatus retirado Estado de pérdida Estado de daño No para préstamo Biblioteca de origen Biblioteca actual Ubicación en estantería Fecha de adquisición Fuente de adquisición Total de préstamos Signatura topográfica completa Código de barras Visto por última vez Precio de reemplazo Tipo de ítem Koha
        Biblioteca del Ateneo de Madrid Biblioteca del Ateneo de Madrid Depósito 2 02/09/2019     P-746-8 1201049 23/02/2023 23/02/2023 Libro impreso